| 000 | 00874nam a22003017a 4500 | ||
|---|---|---|---|
| 005 | 20250729134340.0 | ||
| 008 | 150303b2011 xxu||||| |||| 00| 0 ES d | ||
| 020 | _a9789507951213 | ||
| 041 | _aESP | ||
| 082 | _a332.404.4 S586b | ||
| 100 |
_aSilveyra, Jorge Omar _9102 |
||
| 245 | _aBilletes falsificados: manual de reconocimiento y detección de falsedad de papel moneda | ||
| 260 |
_aArgentina _bLa Llave _c2011 |
||
| 300 | _a160 páginas | ||
| 490 | _aInvestigación Criminal | ||
| 650 | _aBILLETES | ||
| 650 | _aBILLETES FALSOS | ||
| 650 | _aPAPEL MONEDA | ||
| 650 | _aMAQUINAS DETECTORAS | ||
| 650 | _aCARACTERISTICAS DE LOS BILLETES | ||
| 650 | _aFALSIFICACIONES | ||
| 650 | _aAUTENTICIDAD DEL PAPEL MONEDA | ||
| 650 | _aDOLARES | ||
| 650 | _aEUROS | ||
| 650 | _aBILLETES DE PLASTICO | ||
| 650 | _aBILLETES DE POLIMERO | ||
| 942 |
_cBK _2ddc |
||
| 999 |
_c3573 _d3573 |
||